000 00520nam a22001932 4500
001 0000004022
005 20170406115512.0
008 140805s xx 000 0 eng d
020 _c$
040 _aYour Holding Symbol
_cYour Holding Symbol
100 1 _aSitwell,Osbert.
245 1 0 _aNoble essences or courteous revelations.
250 _a ed.
260 _aLondon :
_bMacmillan,
_c1950.
300 _a323 p. ;
_c cm.
504 _aindex.
650 0 _aliterature.
908 _a140805
999 _c3867
_d3867